ICC Men’s T20 World Cup 2026 India Squad - Statistics

General Stats
  • This quiz has been taken 13 times
  • The average score is 11 of 15
Answer Stats
Role Answer % Correct
Opener/Allrounder Sanju Samson
100%
Opener Abhishek Sharma
89%
Allrounder Hardik Pandya
89%
Number 3Batsman Ishan Kishan
89%
Allrounder Shivam Dube
89%
Captain Surya Kumar Yadav
89%
Medium Pacer Arshdeep Singh
67%
Allrounder Axar Patel
67%
Fast Bowler Jasprit Bumrah
67%
Allrounder Rinku Singh
67%
Allrounder Tilak Varma
67%
Meant to play Harshit Rana
56%
Fast Bowler Mohammed Siraj
56%
Allrounder Washington Sundar
44%
Spinner Varun Chakaravarthy
22%
No matching quizzes found
Score Distribution
Percent of People with Each Score
Percentile by Number Answered
Your Score History
You have not taken this quiz